00674 2200265 4500001002100000005001700021008004100038020001800079035002400097082001300121090002000134100001900154245004500173250001100218260003100229300002500260500002700285500001100312650002200323850001500345980001500360985000600375986001200381999001500393YOGYA-0209000000396320090227020654.0 ind  a979-497-582-6 0010-020900000003963 a612.3841 a612.3841bSto P aSTOKKINK, Theo aPenyiar radio profesionalcTheo Stokkink aCet. 1 aYogyakartabKanisiusc1997 a164 hlmbilusc21 cm aBibliografi : hlm. 162 aIndeks aRadio - Penyiaran aYOPDYOG(B) a04-03-2006 a1 aMrRTREV aP000009697